| 000 | 00875nam a2200217Ia 4500 | ||
|---|---|---|---|
| 003 | GCL | ||
| 005 | 20240530102525.0 | ||
| 008 | 140319s9999 xx 000 0 ara d | ||
| 020 | _a5711110977 | ||
| 040 |
_aGCL / _cGCL |
||
| 082 | 0 | 4 |
_a932 _bق/ب م |
| 100 | 1 | _aبهاءالدين ابراهيم محمود | |
| 245 | 1 | 0 |
_aالمعبد فى الدولة الحديثة فى مصر الفرعونية : _bتنظيمه الادارى ودوره السياسى / _cبهاءالدين ابراهيم محمود |
| 260 |
_aالقاهرة : _bالهيئة المصرية العامة للكتاب ، _c2001 |
||
| 300 |
_a427 ص ؛ _c22 سم |
||
| 490 |
_aتاريخ المصريين _v199 |
||
| 650 | 0 | 4 | _aالحضارة الفرعونية |
| 650 | 0 | 4 | _aالمعابد المصرية القديمة |
| 650 | 0 | 4 | _aالمعابد - تنظيم وادارة |
| 942 |
_2ddc _cBK |
||
| 999 |
_c32860 _d32860 |
||